[Event "3MCR_4D_2LB_1S"]
[Site "?"]
[Date "1999.??.??"]
[Round "1"]
[White "Kolar, Pavel"]
[Black "Pech, Jaroslav ml"]
[Result "1/2-1/2"]
[WhiteElo "2180"]
[BlackElo "1835"]
[PlyCount "45"]
[EventDate "1999.??.??"]
[EventType "corr"]

1. e4 c5 2. b3 d6 3. Bb2 Nc6 4. Nf3 e5 5. Bc4 Be7 6. d3 Nf6 7. Nbd2 O-O 8. O-O
a6 9. a4 Rb8 10. c3 b5 11. axb5 axb5 12. Bd5 Bb7 13. Qe2 Qb6 14. Bxc6 Qxc6 15.
Rfe1 Ra8 16. d4 Rxa1 17. Bxa1 Nd7 18. dxe5 dxe5 19. c4 bxc4 20. Nxc4 f6 21. Bc3
Qb5 22. Nfd2 Ra8 23. Qd3 1/2-1/2

[Event "3MCR_4D_2LB_1S"]
[Site "?"]
[Date "1999.??.??"]
[Round "1"]
[White "Horacek, Jiri"]
[Black "Pech, Jaroslav ml"]
[Result "1-0"]
[WhiteElo "2185"]
[BlackElo "1835"]
[PlyCount "47"]
[EventDate "1999.??.??"]
[EventType "corr"]

1. e4 e6 2. d4 d5 3. Nd2 c5 4. Ngf3 cxd4 5. Nxd4 Bc5 6. N2b3 Bb6 7. exd5 Qxd5
8. Qg4 Nf6 9. Qxg7 Qe5+ 10. Be3 Rg8 11. Qh6 Nbd7 12. O-O-O Rg6 13. Qh3 h5 14.
f4 Qe4 15. Nd2 Qd5 16. Nc4 Kf8 17. a3 Rg4 18. Be2 Rg7 19. Nxb6 axb6 20. f5 Qxg2
21. Qh4 exf5 22. Rhg1 Qe4 23. Qxe4 fxe4 24. Bh6 1-0

[Event "3MCR_4D_2LB_1S"]
[Site "?"]
[Date "1999.??.??"]
[Round "1"]
[White "Janous, Petr"]
[Black "Kolar, Pavel"]
[Result "1/2-1/2"]
[WhiteElo "2000"]
[BlackElo "2180"]
[PlyCount "70"]
[EventDate "1999.??.??"]
[EventType "corr"]

1. e4 e5 2. Nf3 Nf6 3. Nxe5 d6 4. Nf3 Nxe4 5. d4 d5 6. Bd3 Nc6 7. O-O Be7 8. c4
Nb4 9. Be2 O-O 10. a3 Nc6 11. cxd5 Qxd5 12. Nc3 Nxc3 13. bxc3 Bf5 14. Bf4 Rac8
15. Re1 Bf6 16. Bd3 b5 17. Rb1 a6 18. Qc2 Ne7 19. Be5 Bxd3 20. Qxd3 Bxe5 21.
Nxe5 c5 22. dxc5 Rfe8 23. Qxd5 Nxd5 24. c4 Nc3 25. Rbc1 Rxc5 26. Rxc3 Rcxe5 27.
Rxe5 Rxe5 28. f4 Rc5 29. Rd3 h5 30. cxb5 Rxb5 31. Kf2 Rb2+ 32. Kg3 g6 33. h4
Kg7 34. Kf3 a5 35. g3 Kf6 1/2-1/2

[Event "3MCR_4D_2LB_1S"]
[Site "?"]
[Date "1999.??.??"]
[Round "1"]
[White "Janous, Petr"]
[Black "Omelka, Roman"]
[Result "1-0"]
[WhiteElo "2000"]
[BlackElo "2170"]
[PlyCount "49"]
[EventDate "1999.??.??"]
[EventType "corr"]

1. e4 d6 2. d4 Nf6 3. Nc3 g6 4. Bc4 Bg7 5. Nf3 c6 6. Bb3 O-O 7. O-O Bg4 8. h3
Bxf3 9. Qxf3 e6 10. Bg5 h6 11. Bf4 d5 12. Rad1 Na6 13. Qe3 g5 14. Bh2 Ne8 15.
f4 Nac7 16. e5 a5 17. a4 Na6 18. Ne2 Rc8 19. c3 c5 20. Bc2 cxd4 21. Nxd4 Nc5
22. f5 Qb6 23. f6 Bh8 24. h4 Qxb2 25. hxg5 1-0

[Event "3MCR_4D_2LB_1S"]
[Site "?"]
[Date "1999.??.??"]
[Round "1"]
[White "Kolar, Pavel"]
[Black "Omelka, Roman"]
[Result "0-1"]
[WhiteElo "2180"]
[BlackElo "2170"]
[PlyCount "52"]
[EventDate "1999.??.??"]
[EventType "corr"]

1. e4 d6 2. d4 Nf6 3. Nc3 g6 4. f4 Bg7 5. Nf3 c5 6. Bb5+ Bd7 7. e5 Ng4 8. Bxd7+
Qxd7 9. d5 dxe5 10. h3 e4 11. Nxe4 Nf6 12. Nxf6+ Bxf6 13. O-O O-O 14. c4 e6 15.
Be3 exd5 16. Qxd5 Qxd5 17. cxd5 Nd7 18. Rfd1 Rfe8 19. Kf2 Rad8 20. Rab1 Bg7 21.
Nd2 Nf6 22. Bxc5 Nxd5 23. Bxa7 Nxf4 24. Nc4 Nd3+ 25. Kf1 b5 26. b4 bxc4 0-1

[Event "3MCR_4D_2LB_1S"]
[Site "?"]
[Date "1999.??.??"]
[Round "1"]
[White "Omelka, Roman"]
[Black "Hlavacek, Rudolf"]
[Result "1-0"]
[WhiteElo "2170"]
[BlackElo "2250"]
[PlyCount "65"]
[EventDate "1999.??.??"]
[EventType "corr"]

1. e4 e6 2. d4 d5 3. Nc3 Nf6 4. Bg5 Be7 5. e5 Nfd7 6. Bxe7 Qxe7 7. f4 O-O 8.
Nf3 c5 9. dxc5 Nc6 10. Bd3 f6 11. exf6 Qxf6 12. g3 Nxc5 13. O-O Bd7 14. Qd2
Nxd3 15. cxd3 e5 16. Rae1 exf4 17. Nxd5 Qd6 18. Nxf4 Bg4 19. Qc3 Bxf3 20. Rxf3
Nd4 21. Rf2 Rac8 22. Qa5 Rc5 23. Qa4 b5 24. Qxa7 Rc7 25. Qa3 Qxa3 26. bxa3 g5
27. Nd5 Rxf2 28. Kxf2 Rf7+ 29. Kg2 Ra7 30. Nb4 h6 31. Re4 Rd7 32. Kf2 Kf7 33.
g4 1-0

[Event "3MCR_4D_2LB_1S"]
[Site "?"]
[Date "1999.??.??"]
[Round "1"]
[White "Svoboda, František"]
[Black "Zitek, Svatoslav"]
[Result "1-0"]
[WhiteElo "2445"]
[BlackElo "1800"]
[PlyCount "63"]
[EventDate "1999.??.??"]
[EventType "corr"]

1. c4 e5 2. Nc3 Bb4 3. Nd5 Bc5 4. e3 Nf6 5. d4 exd4 6. exd4 Nxd5 7. dxc5 Qe7+
8. Be2 Nf6 9. Nf3 O-O 10. O-O Na6 11. Re1 Nxc5 12. Bg5 d6 13. Bf1 Ne6 14. Bh4
Bd7 15. Nd2 Bc6 16. Ne4 Bxe4 17. Rxe4 Rfe8 18. Re3 c6 19. Qb3 d5 20. cxd5 cxd5
21. Rae1 Rad8 22. Rf3 Kh8 23. Rf5 d4 24. Qb5 Rc8 25. Bxf6 gxf6 26. Rh5 Qf8 27.
Qxb7 Rb8 28. Qf3 Qg7 29. Bd3 h6 30. Kf1 Red8 31. Rxe6 fxe6 32. Qh3 1-0

[Event "3MCR_4D_2LB_1S"]
[Site "?"]
[Date "1999.??.??"]
[Round "1"]
[White "Ridky, Vladimir"]
[Black "Svoboda, František"]
[Result "1/2-1/2"]
[WhiteElo "2215"]
[BlackElo "2445"]
[PlyCount "58"]
[EventDate "1999.??.??"]
[EventType "corr"]

1. d4 e6 2. e4 d5 3. Nc3 Bb4 4. e5 c5 5. a3 Bxc3+ 6. bxc3 Ne7 7. Qg4 Qc7 8.
Qxg7 Rg8 9. Qxh7 cxd4 10. Ne2 Nbc6 11. f4 Bd7 12. Qd3 dxc3 13. Qxc3 Nf5 14. Rb1
d4 15. Qd3 O-O-O 16. Rg1 f6 17. g4 Nh4 18. exf6 e5 19. f7 Rxg4 20. Rxg4 Bxg4
21. Bh3 Qd7 22. Bxg4 Qxg4 23. Qg3 Qh5 24. Rb3 e4 25. Qg7 d3 26. cxd3 Nf3+ 27.
Kf2 Qxh2+ 28. Qg2 Qxg2+ 29. Kxg2 exd3 1/2-1/2

[Event "3MCR_4D_2LB_1S"]
[Site "?"]
[Date "1999.??.??"]
[Round "1"]
[White "Konicek, Petr"]
[Black "Sebek, Pavel"]
[Result "1-0"]
[WhiteElo "2035"]
[BlackElo "2065"]
[PlyCount "69"]
[EventDate "1999.??.??"]
[EventType "corr"]

1. c4 e5 2. Nf3 Nc6 3. d4 exd4 4. Nxd4 Nxd4 5. Qxd4 Nf6 6. Nc3 Be7 7. e4 d6 8.
Be2 O-O 9. O-O Re8 10. Bf4 c5 11. Qd2 a6 12. Rfd1 Qb6 13. Bf3 Bd7 14. b3 Rad8
15. Bxd6 Bc6 16. Qf4 Bxd6 17. Rxd6 Rxd6 18. Qxd6 Rd8 19. Qe5 Qa5 20. Nd5 Re8
21. Qf5 Qd8 22. Nxf6+ gxf6 23. h3 Re5 24. Rd1 Qe7 25. Qg4+ Kh8 26. Qc8+ Kg7 27.
Rd8 Bxe4 28. Rg8+ Kh6 29. Qg4 Bg6 30. Qf4+ Rg5 31. h4 Bh5 32. hxg5+ fxg5 33.
Qe4 Qd7 34. Bxh5 f5 35. Qd5 1-0

[Event "3MCR_4D_2LB_1S"]
[Site "?"]
[Date "1999.??.??"]
[Round "1"]
[White "Svoboda, František"]
[Black "Hlavacek, Rudolf"]
[Result "1-0"]
[WhiteElo "2445"]
[BlackElo "2250"]
[PlyCount "49"]
[EventDate "1999.??.??"]
[EventType "corr"]

1. c4 e5 2. Nc3 Nc6 3. Nf3 f5 4. d4 e4 5. Ng5 Nf6 6. e3 h6 7. Nh3 g5 8. f3 exf3
9. gxf3 d6 10. Rg1 Bg7 11. Nf4 gxf4 12. Rxg7 Nh5 13. Rg2 Qh4+ 14. Ke2 Bd7 15.
Qe1 Qxe1+ 16. Kxe1 fxe3 17. Bxe3 f4 18. Bf2 O-O-O 19. Kd2 Rhg8 20. Rxg8 Rxg8
21. Re1 Bf5 22. Nd5 Kd7 23. Kc3 Rg6 24. Bh4 Be6 25. b4 1-0

[Event "3MCR_4D_2LB_1S"]
[Site "?"]
[Date "1999.??.??"]
[Round "1"]
[White "Pech, Jaroslav ml"]
[Black "Hlavacek, Rudolf"]
[Result "0-1"]
[WhiteElo "1835"]
[BlackElo "2250"]
[PlyCount "62"]
[EventDate "1999.??.??"]
[EventType "corr"]

1. Nf3 d5 2. d4 e6 3. c4 c6 4. Nc3 Nf6 5. e3 Nbd7 6. Bd3 dxc4 7. Bxc4 b5 8. Bd3
a6 9. e4 c5 10. e5 cxd4 11. Nxb5 axb5 12. exf6 gxf6 13. Nxd4 Qb6 14. Nxb5 Bb7
15. Be3 Bc5 16. Bxc5 Nxc5 17. Bf1 Rd8 18. Qc2 Ne4 19. f3 Rd2 20. Qxd2 Nxd2 21.
Kxd2 Ke7 22. Rd1 Ra8 23. Kc1 Rxa2 24. Kb1 Ra8 25. Nc3 Qf2 26. Rc1 Ra5 27. Na2
Rd5 28. Nb4 Rd2 29. Nd3 Qb6 30. Rc2 Rd1+ 31. Rc1 Qb3 0-1

[Event "3MCR_4D_2LB_1S"]
[Site "?"]
[Date "1999.??.??"]
[Round "1"]
[White "Pech, Jaroslav ml"]
[Black "Omelka, Roman"]
[Result "1/2-1/2"]
[WhiteElo "1835"]
[BlackElo "2170"]
[PlyCount "50"]
[EventDate "1999.??.??"]
[EventType "corr"]

1. Nf3 Nf6 2. b3 g6 3. Bb2 Bg7 4. c4 O-O 5. Nc3 d6 6. e3 e5 7. d4 Nbd7 8. Be2
Re8 9. O-O e4 10. Nd2 c6 11. Qc2 Qe7 12. Ba3 a6 13. b4 Nf8 14. Qb3 b5 15. Rac1
Bd7 16. d5 cxd5 17. cxb5 axb5 18. Nxb5 Reb8 19. Nc7 Ra7 20. Bb2 Ba4 21. Qa3
Rbb7 22. Bxf6 Qxf6 23. Nxd5 Qf5 24. Bc4 Ne6 25. f3 Bc6 1/2-1/2

[Event "3MCR_4D_2LB_1S"]
[Site "?"]
[Date "1999.??.??"]
[Round "1"]
[White "Omelka, Roman"]
[Black "Ridky, Vladimir"]
[Result "1-0"]
[WhiteElo "2170"]
[BlackElo "2215"]
[PlyCount "57"]
[EventDate "1999.??.??"]
[EventType "corr"]

1. e4 e6 2. d4 d5 3. Nc3 Nf6 4. Bg5 Be7 5. e5 Nfd7 6. Bxe7 Qxe7 7. f4 O-O 8.
Nf3 c5 9. Qd2 Nc6 10. O-O-O Nb6 11. dxc5 Qxc5 12. h4 Nc4 13. Bxc4 Qxc4 14. h5
b5 15. h6 g6 16. b3 Qc5 17. Ne2 Bb7 18. Kb1 Rac8 19. Ned4 Nxd4 20. Nxd4 Rc7 21.
g4 Rfc8 22. f5 Qe7 23. fxe6 fxe6 24. Rdf1 Bc6 25. Rf6 Bd7 26. Rhf1 Re8 27. Qg5
Bc8 28. Nxb5 Rd7 29. Nd6 1-0

[Event "3MCR_4D_2LB_1S"]
[Site "?"]
[Date "1999.??.??"]
[Round "1"]
[White "Sebek, Pavel"]
[Black "Omelka, Roman"]
[Result "0-1"]
[WhiteElo "2065"]
[BlackElo "2170"]
[PlyCount "78"]
[EventDate "1999.??.??"]
[EventType "corr"]

1. e4 d6 2. d4 Nf6 3. Nc3 g6 4. Be3 c6 5. f3 b5 6. a3 a6 7. Qd2 Nbd7 8. g4 Nb6
9. g5 Nfd7 10. h4 Nc4 11. Bxc4 bxc4 12. Nge2 Rb8 13. Na4 Nb6 14. Nec3 Nxa4 15.
Nxa4 Bd7 16. O-O-O Bg7 17. c3 c5 18. Nxc5 dxc5 19. dxc5 Ba4 20. Qxd8+ Rxd8 21.
Rxd8+ Kxd8 22. h5 e5 23. h6 Bf8 24. Rf1 Be7 25. f4 exf4 26. Bxf4 Bxc5 27. Be5
Re8 28. Bf6+ Kd7 29. Bd4 Bxd4 30. cxd4 Rxe4 31. Rxf7+ Re7 32. Rg7 Ke6 33. d5+
Kd6 34. Kd2 Rd7 35. Kc3 Kxd5 36. Kb4 Bb5 37. Ka5 Kc5 38. Rg8 Rd2 39. Rc8+ Bc6
0-1

[Event "3MCR_4D_2LB_1S"]
[Site "?"]
[Date "1999.??.??"]
[Round "1"]
[White "Svoboda, František"]
[Black "Michalek, Frantisek"]
[Result "1-0"]
[WhiteElo "2445"]
[BlackElo "2185"]
[PlyCount "61"]
[EventDate "1999.??.??"]
[EventType "corr"]

1. c4 e5 2. Nc3 Nf6 3. Nf3 Nc6 4. g3 d5 5. cxd5 Nxd5 6. Bg2 Nde7 7. O-O Nf5 8.
b4 a6 9. a3 Be7 10. Bb2 Be6 11. Rc1 O-O 12. d3 f6 13. Na4 Qd7 14. Nd2 Rab8 15.
Ne4 Nfd4 16. Nec5 Bxc5 17. Nxc5 Qf7 18. e3 Nb5 19. Nxb7 Bd5 20. Bxd5 Qxd5 21.
Nc5 Rb6 22. Qg4 Nb8 23. f4 f5 24. Qf3 Qxf3 25. Rxf3 exf4 26. Rxf4 Rf7 27. e4
fxe4 28. dxe4 Rxf4 29. gxf4 Rg6+ 30. Kf1 Kf7 31. a4 1-0

[Event "3MCR_4D_2LB_1S"]
[Site "?"]
[Date "1999.??.??"]
[Round "1"]
[White "Hlavacek, Rudolf"]
[Black "Sebek, Pavel"]
[Result "1-0"]
[WhiteElo "2250"]
[BlackElo "2065"]
[PlyCount "53"]
[EventDate "1999.??.??"]
[EventType "corr"]

1. d4 Nf6 2. c4 e6 3. Nc3 Bb4 4. f3 d5 5. a3 Bxc3+ 6. bxc3 c6 7. e3 O-O 8. Bd3
Qc7 9. Ne2 Nbd7 10. O-O e5 11. cxd5 cxd5 12. e4 b6 13. Qd2 Bb7 14. Ng3 Ne8 15.
a4 f6 16. Ba3 Nd6 17. Nf5 Nxf5 18. Bxf8 Rxf8 19. exf5 e4 20. fxe4 dxe4 21. Bc2
Kh8 22. Rae1 Rd8 23. Bxe4 Nc5 24. Bxb7 Nxb7 25. Re6 Nc5 26. dxc5 h6 27. Qe3 1-0

[Event "3MCR_4D_2LB_1S"]
[Site "?"]
[Date "1999.??.??"]
[Round "1"]
[White "Straka, Zdenek"]
[Black "Ridky, Vladimir"]
[Result "1-0"]
[WhiteElo "2265"]
[BlackElo "2215"]
[PlyCount "57"]
[EventDate "1999.??.??"]
[EventType "corr"]

1. d4 e6 2. Nf3 d5 3. Bg5 Nf6 4. e3 c5 5. Nbd2 Be7 6. c3 Nbd7 7. Bd3 b6 8. O-O
Bb7 9. Ne5 Nxe5 10. dxe5 Nd7 11. Bxe7 Qxe7 12. f4 h6 13. c4 O-O 14. cxd5 exd5
15. Qg4 Bc8 16. Qf3 Bb7 17. Qg4 Bc8 18. Qh5 c4 19. Bb1 Rd8 20. Nf3 Nc5 21. f5
Nd3 22. f6 Qf8 23. Nh4 Be6 24. Rf3 g5 25. Nf5 Bxf5 26. Rxf5 d4 27. Bxd3 cxd3
28. Raf1 d2 29. Rxg5+ 1-0

[Event "3MCR_4D_2LB_1S"]
[Site "?"]
[Date "1999.??.??"]
[Round "1"]
[White "Michalek, Frantisek"]
[Black "Straka, Zdenek"]
[Result "0-1"]
[WhiteElo "2185"]
[BlackElo "2265"]
[PlyCount "74"]
[EventDate "1999.??.??"]
[EventType "corr"]

1. e4 e5 2. Nf3 Nc6 3. Bb5 a6 4. Ba4 Nf6 5. d3 b5 6. Bb3 Be7 7. a4 b4 8. Bd5
Nxd5 9. exd5 Nd4 10. Nxe5 b3 11. cxb3 Rb8 12. O-O Nxb3 13. Ra2 Nxc1 14. Qxc1
O-O 15. Nc3 Bb7 16. Nc4 Bb4 17. Ra1 Qh4 18. g3 Qd4 19. Ne3 Qxd3 20. Rd1 Qg6 21.
Rd4 Bd6 22. Rg4 Qd3 23. Qe1 h6 24. Rd1 Qh7 25. Rc4 Rbe8 26. Qd2 f5 27. f4 Rf7
28. Ng2 Rfe7 29. Re1 Qg6 30. Rxe7 Rxe7 31. Kf2 a5 32. Nb5 Bc5+ 33. Kf1 d6 34.
Rxc5 dxc5 35. Ne3 c6 36. Nc3 Rd7 37. d6 Ba6+ 0-1

[Event "3MCR_4D_2LB_1S"]
[Site "?"]
[Date "1999.??.??"]
[Round "1"]
[White "Sebek, Pavel"]
[Black "Klempar, Miloslav"]
[Result "0-1"]
[WhiteElo "2065"]
[BlackElo "2290"]
[PlyCount "70"]
[EventDate "1999.??.??"]
[EventType "corr"]

1. e4 c5 2. Nf3 d6 3. d4 cxd4 4. Nxd4 Nf6 5. Nc3 a6 6. Bg5 e6 7. f4 Be7 8. Be2
Qb6 9. Qd2 Qxb2 10. Rb1 Qa3 11. O-O Nbd7 12. e5 dxe5 13. fxe5 Nxe5 14. Bxf6
gxf6 15. Ne4 f5 16. Rb3 Qa4 17. Qc3 fxe4 18. Nb5 axb5 19. Bxb5+ Qxb5 20. Rxb5
Ng6 21. a4 O-O 22. Qd4 b6 23. Qxe4 Ba6 24. Kh1 Bxb5 25. axb5 Bc5 26. h4 Rad8
27. c3 Rd5 28. Qg4 h5 29. Qe4 Rfd8 30. Qe2 Nxh4 31. Qe4 Nf5 32. Qf4 Rd1 33.
Qg5+ Kf8 34. Rxd1 Rxd1+ 35. Kh2 Bg1+ 0-1

[Event "3MCR_4D_2LB_1S"]
[Site "?"]
[Date "1999.??.??"]
[Round "1"]
[White "Hlavacek, Rudolf"]
[Black "Kolar, Pavel"]
[Result "1/2-1/2"]
[WhiteElo "2250"]
[BlackElo "2180"]
[PlyCount "54"]
[EventDate "1999.??.??"]
[EventType "corr"]

1. d4 f5 2. h3 Nf6 3. Bf4 d6 4. e3 g6 5. c3 Bg7 6. Qb3 e6 7. Be2 Qe7 8. Nf3
Nbd7 9. Nbd2 e5 10. dxe5 dxe5 11. Bh2 Nc5 12. Qc2 e4 13. Nd4 Nd5 14. O-O-O Bd7
15. N2b3 O-O-O 16. Nxc5 Qxc5 17. Qb3 Rhe8 18. Rd2 Nb6 19. Nb5 Bxb5 20. Rxd8+
Rxd8 21. Bxb5 Qd5 22. Qxd5 Nxd5 23. Rd1 c6 24. Ba4 Rd7 25. Bb3 Kd8 26. g4 Ke7
27. gxf5 gxf5 1/2-1/2

[Event "3MCR_4D_2LB_1S"]
[Site "?"]
[Date "1999.??.??"]
[Round "1"]
[White "Konicek, Petr"]
[Black "Ridky, Vladimir"]
[Result "0-1"]
[WhiteElo "2035"]
[BlackElo "2215"]
[PlyCount "72"]
[EventDate "1999.??.??"]
[EventType "corr"]

1. c4 e5 2. Nf3 Nc6 3. d4 e4 4. d5 exf3 5. dxc6 fxg2 6. cxd7+ Qxd7 7. Qxd7+
Bxd7 8. Bxg2 O-O-O 9. O-O Nf6 10. b3 Bd6 11. Bb2 Rhe8 12. e3 Bg4 13. Na3 c6 14.
Nc2 Be5 15. Bxe5 Rxe5 16. f3 Bd7 17. Rad1 c5 18. Kf2 b6 19. Rd2 Be6 20. Rxd8+
Kxd8 21. f4 Rh5 22. h4 Rxh4 23. Rd1+ Ke7 24. Ne1 Bg4 25. Rd2 Bf5 26. Nf3 Ne4+
27. Ke1 Rg4 28. Re2 Rg3 29. Nh4 Kf6 30. Kf1 Bh3 31. Ke1 Bxg2 32. Nxg2 h5 33.
Kf1 h4 34. f5 h3 35. Nf4 Kxf5 36. Nd5 g5 0-1

[Event "3MCR_4D_2LB_1S"]
[Site "?"]
[Date "1999.??.??"]
[Round "1"]
[White "Ridky, Vladimir"]
[Black "Janous, Petr"]
[Result "1/2-1/2"]
[WhiteElo "2215"]
[BlackElo "2000"]
[PlyCount "50"]
[EventDate "1999.??.??"]
[EventType "corr"]

1. d4 Nf6 2. c4 e6 3. Nf3 b6 4. g3 Bb7 5. Bg2 Be7 6. Nc3 Ne4 7. Bd2 Bf6 8. O-O
O-O 9. Rc1 d6 10. Qc2 Nxd2 11. Qxd2 Nd7 12. Rfd1 Qe7 13. Ne1 Bxg2 14. Kxg2 Rfd8
15. Nf3 c5 16. dxc5 dxc5 17. Ne4 Be5 18. Nd6 Bxd6 19. Qxd6 Qf6 20. b3 Rac8 21.
e4 Nb8 22. Qe5 Qe7 23. Qc3 Nc6 24. a3 e5 25. Rd5 f6 1/2-1/2

[Event "3MCR_4D_2LB_1S"]
[Site "?"]
[Date "1999.??.??"]
[Round "1"]
[White "Pech, Jaroslav ml"]
[Black "Straka, Zdenek"]
[Result "0-1"]
[WhiteElo "1835"]
[BlackElo "2265"]
[PlyCount "92"]
[EventDate "1999.??.??"]
[EventType "corr"]

1. d4 Nf6 2. c4 c5 3. d5 b5 4. cxb5 a6 5. bxa6 Bxa6 6. Nc3 d6 7. Nf3 g6 8. e4
Bxf1 9. Kxf1 Bg7 10. g3 O-O 11. Kg2 Nbd7 12. Re1 Qb6 13. Re2 Rfb8 14. Bg5 h6
15. Bf4 Ng4 16. h3 Nge5 17. Nxe5 Nxe5 18. Rc2 Nc4 19. b3 Na3 20. Rcc1 Qb4 21.
Qd3 Qd4 22. Qe2 c4 23. Be3 Qd3 24. Qd2 Rc8 25. Bf4 g5 26. Be3 Nc2 27. Rxc2 Qxd2
28. Rxd2 Bxc3 29. Rad1 cxb3 30. axb3 Bxd2 31. Rxd2 Rcb8 32. h4 f6 33. hxg5 hxg5
34. Rb2 Rb4 35. f3 Ra3 36. Kf2 Kf7 37. f4 g4 38. Ke2 Rxe4 39. Kd3 f5 40. Bd4
Ra5 41. Rd2 Rxd5 42. Kc4 Rc5+ 43. Kd3 Rb5 44. Kc4 Rb8 45. Kc3 Rc8+ 46. Kd3 e5
0-1

[Event "3MCR_4D_2LB_1S"]
[Site "?"]
[Date "1999.??.??"]
[Round "1"]
[White "Hlavacek, Rudolf"]
[Black "Janous, Petr"]
[Result "1/2-1/2"]
[WhiteElo "2250"]
[BlackElo "2000"]
[PlyCount "61"]
[EventDate "1999.??.??"]
[EventType "corr"]

1. d4 Nf6 2. c4 e6 3. Nc3 Bb4 4. f3 c5 5. d5 Nh5 6. Nh3 d6 7. g4 Nf6 8. Bg2
Bxc3+ 9. bxc3 e5 10. Nf2 Nbd7 11. O-O h6 12. e3 Nb6 13. Qe2 Bd7 14. f4 Qe7 15.
e4 exf4 16. Bxf4 O-O 17. Rae1 Nh7 18. Qd3 f6 19. Nd1 Ng5 20. Ne3 Nf7 21. Nf5
Bxf5 22. exf5 Ne5 23. Bxe5 dxe5 24. d6 Qd7 25. Rb1 Rad8 26. Rfd1 Kh7 27. Rb5
Rf7 28. a4 Qe8 29. a5 Nc8 30. Rxc5 Rxd6 31. Rd5 1/2-1/2

[Event "3MCR_4D_2LB_1S"]
[Site "?"]
[Date "1999.??.??"]
[Round "1"]
[White "Hlavacek, Rudolf"]
[Black "Biolek, Richard"]
[Result "1/2-1/2"]
[WhiteElo "2250"]
[BlackElo "2130"]
[PlyCount "61"]
[EventDate "1999.??.??"]
[EventType "corr"]

1. d4 Nf6 2. c4 c5 3. d5 e6 4. Nc3 exd5 5. cxd5 d6 6. e4 g6 7. f3 Bg7 8. Bg5
O-O 9. Qd2 a6 10. a4 Re8 11. Nge2 Nbd7 12. Ng3 Qa5 13. Be2 b5 14. O-O b4 15.
Nd1 c4 16. Bxc4 Qc5+ 17. Ne3 h6 18. Bxf6 Bxf6 19. Rfe1 Qd4 20. Qxb4 Rb8 21. Qa3
Rxb2 22. Kh1 Nc5 23. Red1 Qc3 24. Qxc3 Bxc3 25. Be2 Rb4 26. Rdb1 a5 27. Rxb4
axb4 28. Rb1 Bd7 29. Bb5 Bxb5 30. axb5 b3 31. Ne2 1/2-1/2

[Event "3MCR_4D_2LB_1S"]
[Site "?"]
[Date "1999.??.??"]
[Round "1"]
[White "Janous, Petr"]
[Black "Klempar, Miloslav"]
[Result "1-0"]
[WhiteElo "2000"]
[BlackElo "2290"]
[PlyCount "81"]
[EventDate "1999.??.??"]
[EventType "corr"]

1. e4 c5 2. Nf3 d6 3. d4 cxd4 4. Nxd4 Nf6 5. Nc3 a6 6. Be2 e5 7. Nb3 Be6 8. O-O
Nbd7 9. f4 Qc7 10. a4 Be7 11. Be3 O-O 12. Kh1 Nc5 13. Nxc5 dxc5 14. f5 Bd7 15.
a5 Rfd8 16. Nd5 Qd6 17. Nb6 Rab8 18. Qxd6 Bxd6 19. Nxd7 Rxd7 20. Ra4 Be7 21.
Kg1 b5 22. axb6 Rxb6 23. b3 Rb4 24. Rxa6 Rxe4 25. Ra8+ Rd8 26. Rxd8+ Bxd8 27.
Kf2 Rb4 28. Ra1 Rb8 29. Kf3 Bb6 30. b4 Nd5 31. bxc5 Nxe3 32. cxb6 Nxc2 33. Ra7
Nd4+ 34. Ke4 Nc6 35. Rc7 Nd8 36. Rd7 Kf8 37. Kd5 Ke8 38. Bb5 Rxb6 39. Rb7+
Rxb5+ 40. Rxb5 f6 41. Ra5 1-0

[Event "3MCR_4D_2LB_1S"]
[Site "?"]
[Date "1999.??.??"]
[Round "1"]
[White "Michalek, Frantisek"]
[Black "Janous, Petr"]
[Result "0-1"]
[WhiteElo "2185"]
[BlackElo "2000"]
[PlyCount "70"]
[EventDate "1999.??.??"]
[EventType "corr"]

1. e4 e5 2. Nf3 Nc6 3. Bb5 a6 4. Ba4 Nf6 5. d3 b5 6. Bb3 Be7 7. a4 Bb7 8. axb5
axb5 9. Rxa8 Qxa8 10. Nc3 b4 11. Nd5 Nxd5 12. Bxd5 d6 13. O-O O-O 14. Bd2 Nd8
15. Bc4 d5 16. exd5 Bxd5 17. Bxd5 Qxd5 18. Qe2 Nc6 19. Ra1 f5 20. c4 bxc3 21.
Bxc3 Bc5 22. Nxe5 Re8 23. Kf1 Rxe5 24. Bxe5 Nxe5 25. Rc1 Bb6 26. Rd1 Qd4 27.
Ke1 Qf4 28. h3 g6 29. d4 Bxd4 30. g3 Qe4 31. f4 Nf3+ 32. Kf1 Be3 33. Rd8+ Kg7
34. Rd7+ Kh6 35. Qd3 Nd2+ 0-1

[Event "3MCR_4D_2LB_1S"]
[Site "?"]
[Date "1999.??.??"]
[Round "1"]
[White "Janous, Petr"]
[Black "Zitek, Svatoslav"]
[Result "1-0"]
[WhiteElo "2000"]
[BlackElo "1800"]
[PlyCount "69"]
[EventDate "1999.??.??"]
[EventType "corr"]

1. e4 e5 2. Nf3 Nc6 3. Bb5 f5 4. d3 fxe4 5. dxe4 Nf6 6. O-O d6 7. Nc3 Be7 8.
Qd3 Bg4 9. Qc4 Bxf3 10. Bxc6+ bxc6 11. Qxc6+ Qd7 12. Qxd7+ Kxd7 13. gxf3 Nh5
14. Rd1 Rhf8 15. Rd3 Rab8 16. Ne2 g5 17. Ng3 Nf4 18. Rb3 a6 19. Be3 Bf6 20.
Rxb8 Rxb8 21. b3 Ng6 22. Nf5 Ne7 23. Nxe7 Kxe7 24. Kf1 h6 25. Ke2 Ke6 26. Rg1
c6 27. c4 Rb7 28. Rd1 Rd7 29. b4 Be7 30. a4 Rb7 31. Rb1 Kd7 32. b5 Kc7 33. b6+
Kd7 34. h4 Ke6 35. hxg5 1-0

[Event "3MCR_4D_2LB_1S"]
[Site "?"]
[Date "1999.??.??"]
[Round "1"]
[White "Svoboda, František"]
[Black "Straka, Zdenek"]
[Result "1/2-1/2"]
[WhiteElo "2445"]
[BlackElo "2265"]
[PlyCount "83"]
[EventDate "1999.??.??"]
[EventType "corr"]

1. c4 Nf6 2. Nc3 g6 3. Nf3 Bg7 4. g3 c6 5. Bg2 d5 6. cxd5 cxd5 7. d4 O-O 8. Ne5
e6 9. Bg5 Qb6 10. Qd2 Nfd7 11. Nf3 Nc6 12. Rd1 Qb4 13. a3 Qb3 14. Qc1 Qb6 15.
O-O a5 16. e3 h6 17. Bf4 g5 18. Bd6 Re8 19. a4 Na7 20. Ba3 Qa6 21. Rfe1 f5 22.
Qc2 g4 23. Nh4 Nf6 24. Ng6 Bd7 25. Bf1 Qb6 26. Bc5 Qc7 27. Qb3 Nc8 28. Rc1 Nd6
29. Bb6 Qb8 30. Be2 Nc8 31. Bc5 Bc6 32. Rc2 Kh7 33. Ne5 Ne7 34. Rec1 Ng6 35.
Nxg6 Kxg6 36. f3 h5 37. Nb5 Qd8 38. Na7 Bd7 39. Rc3 Nh7 40. Nb5 Ng5 41. fxg4
hxg4 42. Nd6 1/2-1/2

[Event "3MCR_4D_2LB_1S"]
[Site "?"]
[Date "1999.??.??"]
[Round "1"]
[White "Zitek, Svatoslav"]
[Black "Biolek, Richard"]
[Result "0-1"]
[WhiteElo "1800"]
[BlackElo "2130"]
[PlyCount "76"]
[EventDate "1999.??.??"]
[EventType "corr"]

1. e4 c5 2. d4 e6 3. c3 d5 4. e5 Nc6 5. Nf3 Bd7 6. Bd3 cxd4 7. cxd4 Qb6 8. Nc3
Nxd4 9. Nxd4 Qxd4 10. O-O a6 11. Qe2 Ne7 12. Kh1 Nc6 13. f4 Nb4 14. Rd1 Nxd3
15. Rxd3 Qc4 16. b3 Qc7 17. Bb2 b5 18. Rc1 Qb7 19. Qd2 b4 20. Ne2 Bb5 21. Rg3
Bxe2 22. Qxe2 g6 23. Rf3 Rc8 24. Rff1 Rxc1 25. Rxc1 Be7 26. Qc2 Kd7 27. Qd2 Rc8
28. Rd1 Rc6 29. Qd3 Qb5 30. Qd2 a5 31. g3 a4 32. Ba1 a3 33. Bd4 Bc5 34. Kg2
Bxd4 35. Qxd4 Qc5 36. Qxc5 Rxc5 37. Rd2 Kc6 38. Kf3 Rc3+ 0-1

[Event "3MCR_4D_2LB_1S"]
[Site "?"]
[Date "1999.??.??"]
[Round "1"]
[White "Biolek, Richard"]
[Black "Ridky, Vladimir"]
[Result "1-0"]
[WhiteElo "2130"]
[BlackElo "2215"]
[PlyCount "61"]
[EventDate "1999.??.??"]
[EventType "corr"]

1. e4 e6 2. d4 d5 3. Nc3 Nf6 4. Bg5 Be7 5. e5 Nfd7 6. Bxe7 Qxe7 7. f4 O-O 8.
Nf3 c5 9. Qd2 Nc6 10. dxc5 Qxc5 11. O-O-O Nb6 12. Kb1 Bd7 13. Nb5 Rac8 14. Nd6
Rc7 15. Bb5 Nc8 16. Nxc8 Rfxc8 17. Bd3 Nb4 18. Nd4 Ba4 19. Rc1 Kh8 20. c3 Nxd3
21. Qxd3 a6 22. h4 Bb5 23. Qd2 Bc4 24. h5 a5 25. g4 Qf8 26. f5 b5 27. g5 b4 28.
g6 h6 29. f6 Ba6 30. Rhg1 bxc3 31. Rxc3 1-0